000 01090nam a2200205Ia 4500
001 11519
003 GE_BSU
008 181216s||||||||xx |||||||||||||| ||und||
040 _cGE_BSU
080 _a631.452+631.519
100 _aცხომარია,დ.
245 _aმშობლიური აგრონომიული მეცნიერება ნიადაგის ნაყოფიერების შესახებ და სოციალისტური მიწათმოქმედების კულტურა.
245 _cრედ:დ.ცალქალამანიძე.
260 _aთბილისი.
260 _bსახელგამი.
260 _c1953.
300 _a381გვ;21სმ.
653 _aმშობლიური აგრონომიული მეცნიერება ნიადაგის ნაყოფიერების შესახებ და სოციალისტური მიწათმოქმედების კულტურა.
942 _cBK
999 _c44714
_d44714